<?xml version="1.0" encoding="UTF-8"?>
<collection xmlns="http://www.loc.gov/MARC21/slim">
 <record>
  <leader>01810aam a22002658a 4500</leader>
  <controlfield tag="001">NCT_15932</controlfield>
  <controlfield tag="008">090916s2009                  ||||||viesd</controlfield>
  <datafield tag="999" ind1=" " ind2=" ">
   <subfield code="c">756</subfield>
   <subfield code="d">756</subfield>
  </datafield>
  <datafield tag="020" ind1=" " ind2=" ">
   <subfield code="c">108000</subfield>
  </datafield>
  <datafield tag="082" ind1="0" ind2="4">
   <subfield code="2">23rd ed.</subfield>
   <subfield code="a">624.164</subfield>
   <subfield code="b">K250</subfield>
  </datafield>
  <datafield tag="100" ind1="1" ind2=" ">
   <subfield code="a">Nguyễn Bá Kế</subfield>
  </datafield>
  <datafield tag="245" ind1="1" ind2="0">
   <subfield code="a">Xây dựng công trình ngầm đô thị theo phương pháp đào mở</subfield>
   <subfield code="c">Nguyễn Bá Kế</subfield>
  </datafield>
  <datafield tag="250" ind1=" " ind2=" ">
   <subfield code="a">Tái bản</subfield>
  </datafield>
  <datafield tag="260" ind1=" " ind2=" ">
   <subfield code="a">H.</subfield>
   <subfield code="b">Xây dựng</subfield>
   <subfield code="c">2012</subfield>
  </datafield>
  <datafield tag="300" ind1=" " ind2=" ">
   <subfield code="a">336 tr.</subfield>
   <subfield code="c">27 cm</subfield>
   <subfield code="b">minh họa</subfield>
  </datafield>
  <datafield tag="520" ind1=" " ind2=" ">
   <subfield code="a">Sự cố  trong công trình là một trong những vấn đề rất quan trọng và thường xuyên gặp phải. Đối với một kỹ sư xây dựng là việc nắm vững các sự cố  trong công trình và biết các khắc phục là rất quan trọng.</subfield>
  </datafield>
  <datafield tag="653" ind1=" " ind2=" ">
   <subfield code="a">Kỹ thuật công trình xây dựng</subfield>
  </datafield>
  <datafield tag="655" ind1=" " ind2=" ">
   <subfield code="a">Kỹ thuật công trình xây dựng</subfield>
  </datafield>
  <datafield tag="942" ind1=" " ind2=" ">
   <subfield code="2">ddc</subfield>
   <subfield code="c">BK</subfield>
  </datafield>
  <datafield tag="952" ind1=" " ind2=" ">
   <subfield code="0">0</subfield>
   <subfield code="1">0</subfield>
   <subfield code="2">ddc</subfield>
   <subfield code="4">0</subfield>
   <subfield code="6">624_164000000000000_K250</subfield>
   <subfield code="7">0</subfield>
   <subfield code="9">3148</subfield>
   <subfield code="a">000001</subfield>
   <subfield code="b">000001</subfield>
   <subfield code="d">2017-11-09</subfield>
   <subfield code="o">624.164 K250</subfield>
   <subfield code="p">MD.08206</subfield>
   <subfield code="r">2017-11-09</subfield>
   <subfield code="v">108000.00</subfield>
   <subfield code="w">2017-11-09</subfield>
   <subfield code="y">BK</subfield>
  </datafield>
  <datafield tag="952" ind1=" " ind2=" ">
   <subfield code="0">0</subfield>
   <subfield code="1">0</subfield>
   <subfield code="2">ddc</subfield>
   <subfield code="4">0</subfield>
   <subfield code="6">624_164000000000000_K250</subfield>
   <subfield code="7">0</subfield>
   <subfield code="9">3149</subfield>
   <subfield code="a">000001</subfield>
   <subfield code="b">000001</subfield>
   <subfield code="d">2017-11-09</subfield>
   <subfield code="o">624.164 K250</subfield>
   <subfield code="p">MD.08207</subfield>
   <subfield code="r">2017-11-09</subfield>
   <subfield code="v">108000.00</subfield>
   <subfield code="w">2017-11-09</subfield>
   <subfield code="y">BK</subfield>
  </datafield>
  <datafield tag="952" ind1=" " ind2=" ">
   <subfield code="0">0</subfield>
   <subfield code="1">0</subfield>
   <subfield code="2">ddc</subfield>
   <subfield code="4">0</subfield>
   <subfield code="6">624_164000000000000_K250</subfield>
   <subfield code="7">0</subfield>
   <subfield code="9">3150</subfield>
   <subfield code="a">000001</subfield>
   <subfield code="b">000001</subfield>
   <subfield code="d">2017-11-09</subfield>
   <subfield code="o">624.164 K250</subfield>
   <subfield code="p">MD.08208</subfield>
   <subfield code="r">2017-11-09</subfield>
   <subfield code="v">108000.00</subfield>
   <subfield code="w">2017-11-09</subfield>
   <subfield code="y">BK</subfield>
  </datafield>
  <datafield tag="952" ind1=" " ind2=" ">
   <subfield code="0">0</subfield>
   <subfield code="1">0</subfield>
   <subfield code="2">ddc</subfield>
   <subfield code="4">0</subfield>
   <subfield code="6">624_164000000000000_K250</subfield>
   <subfield code="7">0</subfield>
   <subfield code="9">3151</subfield>
   <subfield code="a">000001</subfield>
   <subfield code="b">000001</subfield>
   <subfield code="d">2017-11-09</subfield>
   <subfield code="o">624.164 K250</subfield>
   <subfield code="p">MD.08209</subfield>
   <subfield code="r">2017-11-09</subfield>
   <subfield code="v">108000.00</subfield>
   <subfield code="w">2017-11-09</subfield>
   <subfield code="y">BK</subfield>
  </datafield>
  <datafield tag="952" ind1=" " ind2=" ">
   <subfield code="0">0</subfield>
   <subfield code="1">0</subfield>
   <subfield code="2">ddc</subfield>
   <subfield code="4">0</subfield>
   <subfield code="6">624_164000000000000_K250</subfield>
   <subfield code="7">0</subfield>
   <subfield code="9">3152</subfield>
   <subfield code="a">000001</subfield>
   <subfield code="b">000001</subfield>
   <subfield code="d">2017-11-09</subfield>
   <subfield code="o">624.164 K250</subfield>
   <subfield code="p">MD.08210</subfield>
   <subfield code="r">2017-11-09</subfield>
   <subfield code="v">108000.00</subfield>
   <subfield code="w">2017-11-09</subfield>
   <subfield code="y">BK</subfield>
  </datafield>
  <datafield tag="980" ind1=" " ind2=" ">
   <subfield code="a">Thư viện Trường Đại học Nam Cần Thơ</subfield>
  </datafield>
 </record>
</collection>
